Ельня / (Record no. 431411)
[ view plain ]
| 000 -LEADER | |
|---|---|
| fixed length control field | 01116nam a2200241 a 4500 |
| 003 - CONTROL NUMBER IDENTIFIER | |
| control field | AM-YeHGA |
| 040 ## - CATALOGING SOURCE | |
| Original cataloging agency | AM-YeHGA |
| 090 ## - LOCALLY ASSIGNED LC-TYPE CALL NUMBER (OCLC); LOCAL CALL NUMBER (RLIN) | |
| -- | 433986 |
| 005 - DATE AND TIME OF LATEST TRANSACTION | |
| control field | 20250617155355.0 |
| 008 - FIXED-LENGTH DATA ELEMENTS--GENERAL INFORMATION | |
| fixed length control field | 180330s1955 ru a||||r|||||000|0|rus|| |
| 041 0# - LANGUAGE CODE | |
| Language code of text/sound track or separate title | rus |
| 100 1# - MAIN ENTRY--PERSONAL NAME | |
| Personal name | Орлов, Василий Сергеевич |
| 245 10 - TITLE STATEMENT | |
| Title | Ельня / |
| Statement of responsibility, etc. | В.С. Орлов, А.В. Чернобаев. |
| 260 ## - PUBLICATION, DISTRIBUTION, ETC. | |
| Place of publication, distribution, etc. | Смоленск : |
| Name of publisher, distributor, etc. | Кн. изд-во, |
| Date of publication, distribution, etc. | 1955. |
| 300 ## - PHYSICAL DESCRIPTION | |
| Extent | 136 с. : |
| Other physical details | ил. ; |
| Dimensions | 21 см. |
| 490 1# - SERIES STATEMENT | |
| Series statement | Города Смоленщины : Очерки по истории городов Смоленской области с древних времен до наших дней |
| 650 14 - SUBJECT ADDED ENTRY--TOPICAL TERM | |
| Topical term or geographic name entry element | История России |
| 651 #4 - SUBJECT ADDED ENTRY--GEOGRAPHIC NAME | |
| Geographic name | Ельня |
| General subdivision | История |
| 653 0# - INDEX TERM--UNCONTROLLED | |
| Uncontrolled term | Города - Смоленская область |
| 700 1# - ADDED ENTRY--PERSONAL NAME | |
| Personal name | Чернобаев, Александр Власьевич |
| 830 #0 - SERIES ADDED ENTRY--UNIFORM TITLE | |
| Uniform title | Города Смоленщины : Очерки по истории городов Смоленской области с древних времен до наших дней |
| 942 ## - ADDED ENTRY ELEMENTS (KOHA) | |
| Source of classification or shelving scheme | Universal Decimal Classification |
| Koha item type | Գրքեր / Books |
| Withdrawn status | Lost status | Source of classification or shelving scheme | Damaged status | Not for loan | Collection | Home library | Current library | Date acquired | Total checkouts | Full call number | Barcode | Date last seen | Price effective from | Koha item type | Public note |
|---|---|---|---|---|---|---|---|---|---|---|---|---|---|---|---|
| Universal Decimal Classification | General | Fundamental Scientific Library | Fundamental Scientific Library | 15/05/2019 | РД II/60799 | FL0579102 | 15/05/2019 | 15/05/2019 | Գրքեր / Books | 30 Days Loan |
ՀՀ Գիտությունների ազգային ակադեմիայի հիմնարար գիտական գրադարան = Fundamental Scientific Library of NAS RA
All site content, except where otherwise noted, is licensed under a